Odhaľovanie nezrovnalostí v účtovných závierkach diplomová práca

Guardado en:
Detalles Bibliográficos
Autor principal: Mihalovičová, Dalma
Autor Corporativo: Fakulta hospodárskej informatiky EU. Katedra účtovníctva a audítorstva
Otros Autores: Bednárová, Michaela, 1987-
Formato: Libro
Lenguaje:eslovaco
Publicado: Bratislava 2022
Etiquetas: Agregar Etiqueta
Sin Etiquetas, Sea el primero en etiquetar este registro!

MARC

LEADER 00000nbm a2200000 4500
001 0284369
005 20230317094051.2
041 0 |a slo 
044 |a SK 
245 1 0 |a Odhaľovanie nezrovnalostí v účtovných závierkach  |b diplomová práca  |c Dalma Mihalovičová ; školiteľ: Michaela Bednárová 
264 1 |a Bratislava  |c 2022 
300 |a 67 s. 
100 1 |a Mihalovičová, Dalma 
700 1 |a Bednárová, Michaela, 1987- 
710 2 |a Fakulta hospodárskej informatiky EU. Katedra účtovníctva a audítorstva